|
|
|
|
| LEADER |
01163nam a2200277 a 4500 |
| 001 |
14015049 |
| 008 |
120717s2009 enka b 001 0 eng d |
| 010 |
|
|
|a 2005050775
|
| 020 |
|
|
|a 0415361877
|
| 020 |
|
|
|a 0415543878
|
| 020 |
|
|
|a 9780415543873
|
| 020 |
|
|
|a 9780415361873
|
| 040 |
|
|
|a DLC
|c DLC
|d BAKER
|d BWKUK
|d PIT
|d YDXCP
|d DLC
|d BD-DhAAL
|
| 082 |
0 |
0 |
|a 418/.0028
|2 22
|
| 100 |
1 |
|
|a Donaldson, Randall P.,
|d 1945-
|
| 245 |
1 |
0 |
|a Changing language education through CALL /
|c Randall P. Donaldson and Margaret A. Haggstrom.
|
| 260 |
|
|
|a Abingdon [England] ;
|a New York :
|b Routledge,
|c 2009.
|
| 300 |
|
|
|a xii, 285 p. :
|b ill. ;
|c 24 cm.
|
| 490 |
1 |
|
|a Routledge studies in computer assisted language learning ;
|v 1
|
| 504 |
|
|
|a Includes bibliographical references and index.
|
| 541 |
|
|
|a 00025581
|
| 650 |
|
0 |
|a Language and languages
|x Computer-assisted instruction.
|
| 700 |
1 |
|
|a Haggstrom, Margaret Austin.
|
| 852 |
1 |
|
|a Ayesha Abed Library
|j General shelf
|
| 999 |
|
|
|c 12589
|d 12589
|
| 952 |
|
|
|0 0
|1 0
|4 0
|6 418_002800000000000_DON
|7 0
|9 20779
|a BRACUL
|b BRACUL
|c GEN
|d 2012-07-19
|e Riza Enterprize
|g 3160.00
|l 10
|m 29
|o 418.0028 DON
|p 3010025581
|r 2024-11-27
|s 2024-09-28
|t 1
|w 2012-07-19
|y BK
|